| 000 | 00670nam a2200229 i 4500 | ||
|---|---|---|---|
| 001 | 52188 | ||
| 003 | ES-MaACL | ||
| 005 | 20250808022121.0 | ||
| 007 | t| | ||
| 008 | 030826s1967 sp |||| |dspa d | ||
| 100 | 1 |
_aChristophe, Robert. _938671 |
|
| 245 | 1 | 4 |
_aLos Sanson / _cRobert Christophe ; [versión española de Pedro Sáez]. |
| 250 | _a1ª ed. | ||
| 260 |
_aBarcelona : _bLuis de Caralt, _c[1967] |
||
| 300 |
_a284 p. ; _c20 cm. |
||
| 490 | 1 | _aLa vida vivida | |
| 600 | 3 | 4 |
_aSanson (Familia)- _vNovelas. _9162916 |
| 700 | 1 |
_aSáez, Pedro. _9101357 |
|
| 830 | 0 | 3 |
_aLa vida vivida _9180877 |
| 852 |
_aES-MaACL _jC-33084 |
||
| 999 |
_c52188 _d52188 |
||